| 000 | 00502nam a22001937a 4500 | ||
|---|---|---|---|
| 003 | NUST - PNEC | ||
| 005 | 20170116180819.0 | ||
| 008 | 150615b xxu||||| |||| 00| 0 eng d | ||
| 020 | _a0859503062 | ||
| 040 | _cLIBRARY | ||
| 082 | _a510 BOS | ||
| 100 |
_93979 _aBostock, L |
||
| 245 |
_aMathematics : the core course for A-level _cBostock |
||
| 250 | _a- | ||
| 260 |
_a- _bStanley Thornes Publishers Ltd _cc1981. |
||
| 300 | _a752 p. : | ||
| 650 |
_93984 _aMathematics _xGeneral |
||
| 942 |
_2ddc _cBK |
||
| 999 |
_c63669 _d63669 |
||